000 00816nam a2200169 a 4500
008 120416s1982 ||||||||||||||||| || u
020 _a0135576520
050 _aHF 5415.2 Mar
245 1 0 _aMarketing research
246 _aDavid J. Luck
250 _a6th ed.
260 _aEnglewood Cliffs, N. J.
_bFT Prentice-Hall
_c1982
350 _a0.00
995 _aMAIN LIBRARY OPEN ACCESS
_D0.00
_e709292
_FCBU-MAIN LIBRARY (Kitwe)
_H2
_I34.20
_jHF 5415.2 Mar
_M1
_UAVAILABLE
_y005689
_ZMain Library Open Access Collection
995 _aTEXTBOOKS (SB)
_D0.00
_e1811
_FCBU-SCHOOL TEXTBOOK COLLECTIONS
_H1
_I0.00
_jSCHOOL TEXTBOOK
_M3
_UAVAILABLE
_WSep 24, 2009
_y1811
_ZSchool Collections
995 _aBINDERY (DAMAGED)
_D0.00
_e709293
_FCBU-MAIN LIBRARY (Kitwe)
_H1
_I34.20
_jHF 5415.2 Mar
_M2
_UDAMAGED
_y005690
_ZMain Library Open Access Collection
999 _c82674
_d82674